| 000 | 00626nam a22001937a 4500 | ||
|---|---|---|---|
| 003 | 0 | ||
| 005 | 20250925102807.0 | ||
| 008 | 250925b xxu||||| |||| 00| 0 eng d | ||
| 020 | _a978-1-77956-312-5 | ||
| 050 |
_aHD 9980.5 _b.S47 2025 |
||
| 245 |
_aService operations management / _cedited by Julie Ostmoe. |
||
| 260 |
_aCanada : _bToronto Academic Press, _c2025. |
||
| 300 |
_axvii, 374 pages : _billustrations ; _c26 cm. |
||
| 504 | _aIncludes bibliographical references and index. | ||
| 650 |
_aService industries _xManagement. |
||
| 650 | _aOperations management. | ||
| 650 | _aProduction management. | ||
| 942 |
_2lcc _cBK |
||
| 999 |
_c368096 _d368096 |
||